| 000 | 00937nam a2200289 i 4500 | ||
|---|---|---|---|
| 001 | bg | ||
| 100 | 1 | _aNEGRINO, Tom | |
| 245 | 0 |
_aContribute 2 : _bbłyskawiczny kurs administrowania treścią serwisu WWW / _cTom Negrino ; [tł. Jacek Smycz]. |
|
| 246 |
_iTyt. oryg.: _aMacromedia Contribute 2 for Windows & Macintosh: visual QuickStart Guide |
||
| 260 |
_aGliwice : _b"Helion", _c2004. |
||
| 300 |
_a261 s. : _bil. ; _c24 cm. |
||
| 490 | 1 | _aSzybki Start | |
| 500 | _aTyt. oryg.: "Macromedia Contribute 2 for Windows & Macintosh: visual QuickStart Guide", 2004. | ||
| 504 | _aIndeks. | ||
| 650 | 9 | _aStrony WWW | |
| 650 | 9 | _aContribute 2 | |
| 655 | _aPodręczniki | ||
| 700 | 1 |
_aSMYCZ, Jacek. _eTł. |
|
| 830 | _aSzybki Start | ||
| 020 | _a8373615318 | ||
| 040 | _cBPK | ||
| 041 | 1 |
_apol _heng |
|
| 080 | _a004.738.52:004.42](07) | ||
| 920 | _a83-7361-531-8 | ||
| 942 | _cKS | ||
| 008 | s pl f |000 0 pol | ||
| 999 |
_c46106 _d46106 |
||
| 856 |
_uhttp://koha.tu.koszalin.pl/cgi-bin/koha/opac-detail.pl?biblionumber=46106 _yKatalog online BPK |
||